[Event "World Junior Chess Championship U18 g"]
[Site "Gaziantep"]
[Date "2008.08.07"]
[Round "6.26"]
[White "Shamima, Akter"]
[Black "Acar, Gizem"]
[Result "1-0"]
[WhiteElo "2099"]
[BlackElo "1931"]
[PlyCount "129"]
[EventDate "2008.08.??"]
[EventType "swiss"]
[EventRounds "13"]
[EventCountry "TUR"]

1. d4 d5 2. c4 c6 3. Nf3 e6 4. e3 Nf6 5. Nc3 Nbd7 6. Qc2 Bd6 7. b3 e5 8. cxd5
Nxd5 9. Bb2 Nb4 10. Qb1 exd4 11. Ne4 Ne5 12. Nxd6+ Qxd6 13. Qe4 Qe7 14. Qxe5
Qxe5 15. Nxe5 Nc2+ 16. Kd2 Nxa1 17. Bxa1 dxe3+ 18. fxe3 f6 19. Nf3 a5 20. a4
Be6 21. Nd4 Bd5 22. Bc4 Bxc4 23. bxc4 O-O-O 24. Ke2 Rhe8 25. Bc3 Re4 26. Kf3
Rde8 27. Re1 g6 28. Bxa5 f5 29. g3 R8e5 30. Bd2 Kc7 31. a5 Re8 32. Rb1 Ra8 33.
c5 h5 34. h4 Re5 35. Rc1 Rae8 36. Rc2 Rd5 37. Bb4 Rde5 38. Bd2 Rd5 39. Ne2 Red8
40. Bb4 Re5 41. Nf4 Re4 42. Bc3 Rde8 43. Bd4 Rg8 44. Ra2 Ree8 45. Nh3 Ra8 46.
Ng5 Kd7 47. Bc3 Ke7 48. Rb2 Ra7 49. Nh3 Rd8 50. Nf4 Kf7 51. Ke2 Rd7 52. Nd3 Kg8
53. Ne5 Rg7 54. Nc4 Rd7 55. Nb6 Rd8 56. Ra2 Kf7 57. Be5 Re8 58. Bf4 Ra6 59. Nc4
Kg7 60. Rb2 Re7 61. Bd6 Re4 62. Rxb7+ Kf6 63. Kd3 g5 64. hxg5+ Kxg5 65. Rb6 1-0

[Event "World Junior Chess Championship U18 g"]
[Site "Gaziantep"]
[Date "2008.08.07"]
[Round "6.27"]
[White "Albano, Jeremias Bianca"]
[Black "Ikonomopoulou, Maria"]
[Result "1/2-1/2"]
[WhiteElo "1990"]
[BlackElo "2074"]
[PlyCount "36"]
[EventDate "2008.08.??"]
[EventType "swiss"]
[EventRounds "13"]
[EventCountry "TUR"]

1. e4 e6 2. d4 d5 3. Nc3 Bb4 4. e5 c5 5. Bd2 Ne7 6. Nb5 Bxd2+ 7. Qxd2 O-O 8.
dxc5 Nbc6 9. Nf3 b6 10. cxb6 Qxb6 11. Qc3 Rb8 12. Rb1 Bd7 13. Nbd4 Rfc8 14. Qd2
Qc7 15. Nb5 Qb6 16. Nbd4 Qc7 17. Nb5 Qb6 18. Nbd4 Qc7 1/2-1/2

[Event "World Junior Chess Championship U18 g"]
[Site "Gaziantep"]
[Date "2008.08.07"]
[Round "6.28"]
[White "Klimets, Elena"]
[Black "Efroimski, Marsel"]
[Result "1-0"]
[WhiteElo "2150"]
[BlackElo "2091"]
[PlyCount "41"]
[EventDate "2008.08.??"]
[EventType "swiss"]
[EventRounds "13"]
[EventCountry "TUR"]

1. d4 Nf6 2. Nf3 g6 3. Nbd2 d5 4. e3 b6 5. Bd3 Bb7 6. O-O Bg7 7. Qe2 Ne4 8.
Bxe4 dxe4 9. Ng5 O-O 10. Ngxe4 f5 11. Ng5 e5 12. f4 Re8 13. dxe5 Bxe5 14. fxe5
Qxg5 15. e4 Qe7 16. Qc4+ Kh8 17. exf5 Ba6 18. Qc3 Bxf1 19. e6+ Kg8 20. Ne4 Na6
21. Nf6+ 1-0

[Event "World Junior Chess Championship U18 g"]
[Site "Gaziantep"]
[Date "2008.08.07"]
[Round "6.29"]
[White "Garcia, Liria Caetano"]
[Black "Kaya, Sena Nur"]
[Result "1-0"]
[WhiteElo "1792"]
[BlackElo "1529"]
[PlyCount "95"]
[EventDate "2008.08.??"]
[EventType "swiss"]
[EventRounds "13"]
[EventCountry "TUR"]

1. d4 d5 2. c4 e6 3. Nc3 Nf6 4. cxd5 exd5 5. Bg5 Nbd7 6. e3 c6 7. Bd3 Bd6 8.
Nge2 O-O 9. f3 c5 10. Nxd5 Qa5+ 11. Ndc3 c4 12. Bh4 cxd3 13. Qxd3 Qh5 14. Bf2
Nb6 15. e4 Bb4 16. O-O Bxc3 17. bxc3 Bd7 18. c4 Rac8 19. c5 Na8 20. d5 Nc7 21.
Rab1 Rb8 22. Bg3 Rfc8 23. c6 Bxc6 24. dxc6 Qc5+ 25. Kh1 b6 26. Rfc1 Qa5 27. Qc3
Qxc3 28. Nxc3 Ra8 29. Bxc7 Rxc7 30. Nd5 Nxd5 31. exd5 Rd8 32. Re1 Kf8 33. Rbd1
b5 34. Kg1 a5 35. Kf2 b4 36. Ke3 a4 37. Rd4 b3 38. axb3 axb3 39. Kd3 b2 40. Rb1
Rb8 41. Kc4 Ra7 42. Rd2 Ra4+ 43. Kc5 Rab4 44. Kd6 Rd8+ 45. Kc5 Rdb8 46. c7
R4b5+ 47. Kc4 Rb4+ 48. Kc3 1-0

[Event "World Junior Chess Championship U18 g"]
[Site "Gaziantep"]
[Date "2008.08.07"]
[Round "6.31"]
[White "Bukovec, Tina"]
[Black "Anton, Sarah"]
[Result "1/2-1/2"]
[WhiteElo "1929"]
[BlackElo "1681"]
[PlyCount "128"]
[EventDate "2008.08.??"]
[EventType "swiss"]
[EventRounds "13"]
[EventCountry "TUR"]

1. e4 c5 2. Nf3 d6 3. d4 cxd4 4. Nxd4 Nf6 5. Nc3 a6 6. Bc4 e6 7. Bb3 Be7 8. O-O
b5 9. a3 Qc7 10. f4 Nbd7 11. Bxe6 Nc5 12. Nd5 Nxd5 13. Bxd5 Bb7 14. Nf5 Bf6 15.
Bxb7 Nxb7 16. c3 O-O 17. Qg4 Rfe8 18. Ng3 g6 19. f5 Qc5+ 20. Kh1 Bg7 21. Bf4
Rad8 22. Rad1 d5 23. e5 Bxe5 24. fxg6 hxg6 25. Nh5 Bh8 26. Qg5 Re6 27. Rd3 Rde8
28. Bd2 Qc4 29. Rdf3 Nd8 30. Nf6+ Bxf6 31. Rxf6 Qe2 32. h3 Rxf6 33. Rxf6 Qe7
34. Qf4 Ne6 35. Qf2 a5 36. Rf3 a4 37. Rd3 Rd8 38. Be3 Qd6 39. Bd4 Nxd4 40. Qxd4
Re8 41. Qf2 Re4 42. g3 Qe6 43. Rd2 Qxh3+ 44. Kg1 Qe6 45. Qc5 Re1+ 46. Kf2 Qe4
47. Qd4 Qxd4+ 48. Rxd4 Rb1 49. Rb4 Kg7 50. Rxb5 f5 51. Ke3 Kf6 52. Rxd5 Rxb2
53. Rd4 Rb3 54. Rxa4 Rxc3+ 55. Kf2 g5 56. Ra5 Rd3 57. a4 g4 58. Rb5 Rf3+ 59.
Kg2 Ra3 60. a5 Ra2+ 61. Kg1 Ra1+ 62. Kg2 Kg5 63. Rc5 Ra2+ 64. Kg1 Ra1+ 1/2-1/2

[Event "World Junior Chess Championship U18 g"]
[Site "Gaziantep"]
[Date "2008.08.08"]
[Round "7.1"]
[White "Harika, Dronavalli"]
[Black "Nakhbayeva, Guliskhan"]
[Result "1-0"]
[WhiteElo "2461"]
[BlackElo "2170"]
[PlyCount "91"]
[EventDate "2008.08.??"]
[EventType "swiss"]
[EventRounds "13"]
[EventCountry "TUR"]

1. Nf3 Nf6 2. c4 e6 3. Nc3 b6 4. d4 Bb7 5. Bg5 h6 6. Bh4 d5 7. e3 Be7 8. Bd3
O-O 9. O-O Na6 10. Bxf6 Bxf6 11. cxd5 exd5 12. Qa4 Nb8 13. Qb3 Re8 14. Rad1 c6
15. Rfe1 Na6 16. e4 dxe4 17. Bc4 Rf8 18. Nxe4 Nc7 19. Ne5 Bxe5 20. dxe5 Qe7 21.
Nd6 Bc8 22. Qf3 Nd5 23. Bxd5 cxd5 24. Qxd5 Be6 25. Qf3 a5 26. a3 a4 27. Qe3 Bb3
28. Rd2 Ra5 29. f4 Qc7 30. Qg3 f5 31. h3 Kh7 32. Kh2 Be6 33. Qd3 Qc6 34. Rc2
Rc5 35. Rec1 Kg8 36. Rxc5 bxc5 37. Qb5 Qd5 38. Rxc5 Qd4 39. Qb4 Qf2 40. Rc3 Bd5
41. Rg3 Be4 42. Nxe4 fxe4 43. Qe7 Rf7 44. Qe8+ Rf8 45. Qg6 Rf7 46. e6 1-0

[Event "World Junior Chess Championship U18 g"]
[Site "Gaziantep"]
[Date "2008.08.08"]
[Round "7.2"]
[White "Mikadze, Miranda"]
[Black "Muzychuk, Mariya"]
[Result "1/2-1/2"]
[WhiteElo "2258"]
[BlackElo "2413"]
[PlyCount "73"]
[EventDate "2008.08.??"]
[EventType "swiss"]
[EventRounds "13"]
[EventCountry "TUR"]

1. d4 Nf6 2. Nc3 d5 3. Bg5 Bf5 4. Bxf6 exf6 5. e3 c6 6. Bd3 Qd7 7. Nge2 Bd6 8.
O-O O-O 9. Ng3 Bxg3 10. hxg3 Re8 11. Re1 Bxd3 12. Qxd3 Na6 13. e4 dxe4 14. Nxe4
Re6 15. Re3 Qe7 16. a3 b5 17. c3 Re8 18. Rae1 Qd8 19. Nd2 Qd5 20. b3 Nc7 21.
Rxe6 Rxe6 22. Rxe6 fxe6 23. c4 Qd6 24. Qe4 f5 25. Qe5 Kf7 26. f4 Ke7 27. Kf2
Kd7 28. g4 fxg4 29. Kg3 Na6 30. Kxg4 Nc5 31. Kf3 a5 32. Ke3 a4 33. b4 Na6 34.
cxb5 cxb5 35. Ne4 Nc7 36. Nc3 Kc6 37. Ke4 1/2-1/2

[Event "World Junior Chess Championship U18 g"]
[Site "Gaziantep"]
[Date "2008.08.08"]
[Round "7.3"]
[White "Abrahamyan, Tatev"]
[Black "Preethi, Rajkumar"]
[Result "1/2-1/2"]
[WhiteElo "2277"]
[BlackElo "2183"]
[PlyCount "106"]
[EventDate "2008.08.??"]
[EventType "swiss"]
[EventRounds "13"]
[EventCountry "TUR"]

1. e4 c5 2. Nf3 Nc6 3. d4 cxd4 4. Nxd4 Nf6 5. Nc3 e5 6. Ndb5 d6 7. Bg5 a6 8.
Na3 b5 9. Nd5 Be7 10. Bxf6 Bxf6 11. c3 O-O 12. Nc2 Bg5 13. a4 bxa4 14. Rxa4 a5
15. Bc4 Rb8 16. Ra2 Kh8 17. Nce3 Bxe3 18. Nxe3 Ne7 19. O-O f5 20. exf5 Nxf5 21.
Nxf5 Bxf5 22. Qd2 Qb6 23. b3 Rbc8 24. Qe3 Rc5 25. Rd1 Qc7 26. Rad2 a4 27. Rxd6
axb3 28. Bxb3 Rxc3 29. Qxe5 Rxb3 30. Qxf5 Rbb8 31. Qd5 Qc2 32. Qd2 Qxd2 33.
R6xd2 h6 34. f3 Rf7 35. Kf2 Rfb7 36. g4 Rb2 37. Kg3 Rxd2 38. Rxd2 Kh7 39. Rd3
g5 40. h4 gxh4+ 41. Kxh4 Rb4 42. Kg3 Kg6 43. f4 Rb6 44. Kh4 Rb1 45. f5+ Kf6 46.
Rd6+ Kg7 47. Kg3 Rg1+ 48. Kf4 Rf1+ 49. Kg3 Rg1+ 50. Kf3 Rf1+ 51. Kg2 Ra1 52.
Rd7+ Kf6 53. Rd6+ Ke5 1/2-1/2

[Event "World Junior Chess Championship U18 g"]
[Site "Gaziantep"]
[Date "2008.08.08"]
[Round "7.4"]
[White "Nikolova, Adriana"]
[Black "Ivakhinova, Inna"]
[Result "1-0"]
[WhiteElo "2242"]
[BlackElo "2248"]
[PlyCount "73"]
[EventDate "2008.08.??"]
[EventType "swiss"]
[EventRounds "13"]
[EventCountry "TUR"]

1. e4 c5 2. Nf3 d6 3. d4 cxd4 4. Nxd4 Nf6 5. Nc3 a6 6. Bg5 e6 7. f4 Qc7 8. Bxf6
gxf6 9. Qd2 b5 10. a3 Nd7 11. O-O-O Nc5 12. f5 Bd7 13. Qf2 O-O-O 14. Kb1 Be7
15. Be2 Rdg8 16. Bh5 Rg7 17. Rhe1 Rhg8 18. Bf3 Kb8 19. h3 Nb7 20. Bg4 Nd8 21.
Rd2 Re8 22. Red1 Qc8 23. Rd3 Nc6 24. Ncxb5 axb5 25. Nxb5 Qa6 26. Be2 Qxb5 27.
Rb3 Qxb3 28. cxb3 Kb7 29. b4 Na7 30. e5 Bc6 31. exd6 Rxg2 32. Qe3 Bd8 33. Bf3
Bb6 34. Bxc6+ Nxc6 35. Qe4 Rgg8 36. b5 Rc8 37. bxc6+ 1-0

[Event "World Junior Chess Championship U18 g"]
[Site "Gaziantep"]
[Date "2008.08.08"]
[Round "7.5"]
[White "Dauletova, Gulmira"]
[Black "Majdan, Joanna"]
[Result "0-1"]
[WhiteElo "2267"]
[BlackElo "2323"]
[PlyCount "98"]
[EventDate "2008.08.??"]
[EventType "swiss"]
[EventRounds "13"]
[EventCountry "TUR"]

1. e4 c5 2. Nf3 d6 3. d4 cxd4 4. Nxd4 Nf6 5. Nc3 a6 6. Bc4 e6 7. Bb3 b5 8. O-O
Be7 9. Qf3 Qb6 10. Be3 Qb7 11. a3 Nbd7 12. Rae1 O-O 13. Qg3 Ne5 14. f4 Nc4 15.
Bxc4 bxc4 16. e5 Ne8 17. Qh3 g6 18. Nf3 f5 19. Bd4 d5 20. Nd1 Qc7 21. c3 Rb8
22. Re2 Ng7 23. Be3 Bd7 24. Nd4 Bc5 25. Nf3 Be7 26. Nd4 Rb7 27. Bc1 Bc5 28. Qe3
Qb6 29. Rd2 Ba4 30. Nf2 Bb3 31. h3 a5 32. g4 Rbf7 33. g5 a4 34. Nh1 Ba2 35. Ng3
Bb1 36. h4 Bd3 37. Re1 Ne8 38. Rh2 Nc7 39. Qf2 Bxd4 40. cxd4 Nb5 41. Rd1 Nxd4
42. Be3 Qb3 43. Rxd3 cxd3 44. Bxd4 d2 45. Qxd2 Qxg3+ 46. Rg2 Qf3 47. Rf2 Qb3
48. Kg2 Rc8 49. Rf3 Rc2 0-1

[Event "World Junior Chess Championship U18 g"]
[Site "Gaziantep"]
[Date "2008.08.08"]
[Round "7.6"]
[White "Gomes, Mary Ann"]
[Black "Mamedjarova, Turkan"]
[Result "0-1"]
[WhiteElo "2316"]
[BlackElo "2284"]
[PlyCount "64"]
[EventDate "2008.08.??"]
[EventType "swiss"]
[EventRounds "13"]
[EventCountry "TUR"]

1. Nf3 f5 2. d3 Nf6 3. e4 d6 4. Nc3 g6 5. exf5 Bxf5 6. d4 Bg7 7. Bd3 Qd7 8.
Bxf5 Qxf5 9. Qe2 Nc6 10. Bg5 O-O 11. O-O-O Nd5 12. Ne4 a5 13. h4 h6 14. Bd2
Ndb4 15. Bxb4 axb4 16. d5 Nd8 17. Qc4 b5 18. Qd3 Rxa2 19. Nd4 Ra1+ 20. Kd2
Rxd1+ 21. Rxd1 Qxd5 22. Nxb5 Qxd3+ 23. Kxd3 c6 24. Nd4 d5 25. Nc5 Bxd4 26. Kxd4
Rxf2 27. g3 Rxc2 28. Nd3 Ne6+ 29. Ke3 c5 30. Ne5 Nd4 31. Nxg6 e6 32. Nf4 Rxb2
0-1

[Event "World Junior Chess Championship U18 g"]
[Site "Gaziantep"]
[Date "2008.08.08"]
[Round "7.7"]
[White "Ozturk, Kubra"]
[Black "Hoolt, Sarah"]
[Result "1-0"]
[WhiteElo "2188"]
[BlackElo "2298"]
[PlyCount "97"]
[EventDate "2008.08.??"]
[EventType "swiss"]
[EventRounds "13"]
[EventCountry "TUR"]

1. d4 Nf6 2. c4 g6 3. g3 Bg7 4. Bg2 O-O 5. Nc3 d6 6. e4 e5 7. Nf3 Nbd7 8. O-O
a6 9. Rb1 b5 10. cxb5 axb5 11. b4 Bb7 12. d5 Nb6 13. Re1 c6 14. dxc6 Bxc6 15.
Qd3 Qd7 16. Rd1 Qb7 17. Ne1 Na4 18. f3 Nxc3 19. Qxc3 d5 20. Nd3 Nd7 21. Nf2 d4
22. Qb3 Kh8 23. Rb2 Nb6 24. Re2 Bd7 25. Bh3 Bxh3 26. Nxh3 Qd7 27. Nf2 Rfc8 28.
Nd3 Na4 29. Rf1 Rc4 30. a3 Qc7 31. f4 f6 32. fxe5 fxe5 33. Ref2 Qc6 34. Bg5 Nc3
35. Nc5 d3 36. Bf6 Nxe4 37. Bxg7+ Kxg7 38. Rf7+ Kg8 39. Nxd3 Ng5 40. R1f6 Qe4
41. Re7 Rd8 42. Nf2 Nf3+ 43. Rxf3 Qe1+ 44. Kg2 Rf8 45. Qe3 Qxe3 46. Rxe3 Rc2
47. Rf3 Rxf3 48. Kxf3 Rc3+ 49. Ke4 1-0

[Event "World Junior Chess Championship U18 g"]
[Site "Gaziantep"]
[Date "2008.08.08"]
[Round "7.8"]
[White "Nadig, Kruttika"]
[Black "Soumya, Swaminathan"]
[Result "0-1"]
[WhiteElo "2241"]
[BlackElo "2293"]
[PlyCount "64"]
[EventDate "2008.08.??"]
[EventType "swiss"]
[EventRounds "13"]
[EventCountry "TUR"]

1. e4 c5 2. Nf3 Nc6 3. d4 cxd4 4. Nxd4 Qb6 5. Nb3 Nf6 6. Nc3 e6 7. a3 Be7 8.
Be2 O-O 9. Be3 Qc7 10. f4 d5 11. e5 Ne8 12. O-O f6 13. exf6 Bxf6 14. f5 d4 15.
Bf4 e5 16. Bc4+ Kh8 17. Nd5 Qd8 18. Nxf6 Qxf6 19. Bd2 Nd6 20. Bd5 Bxf5 21. Nc5
Qg6 22. Qe2 Rae8 23. Bxc6 bxc6 24. Nd3 Nc4 25. Bb4 Rf6 26. Nf4 exf4 27. Qxc4 d3
28. Bc3 Re2 29. Rf2 Rxf2 30. Kxf2 Re6 31. Re1 Be4 32. Rg1 Qg4 0-1

[Event "World Junior Chess Championship U18 g"]
[Site "Gaziantep"]
[Date "2008.08.08"]
[Round "7.9"]
[White "Bodnaruk, Anastasia"]
[Black "Padmini, Rout"]
[Result "1-0"]
[WhiteElo "2394"]
[BlackElo "2257"]
[PlyCount "57"]
[EventDate "2008.08.??"]
[EventType "swiss"]
[EventRounds "13"]
[EventCountry "TUR"]

1. e4 c5 2. Nf3 d6 3. d4 cxd4 4. Nxd4 Nf6 5. Nc3 a6 6. Be3 e5 7. Nb3 Be7 8. Qd2
O-O 9. O-O-O b5 10. f3 Be6 11. Nd5 Nxd5 12. exd5 Bf5 13. g4 Bg6 14. h4 Bxh4 15.
g5 Bg3 16. Qg2 Bf4 17. Bxf4 exf4 18. Bd3 Nd7 19. Bxg6 fxg6 20. Nd4 Re8 21. Ne6
Rxe6 22. dxe6 Nf8 23. Rhe1 Ra7 24. Qd2 Qxg5 25. Qxd6 Re7 26. Qxa6 h5 27. Rd8
Qf5 28. Qc8 h4 29. Red1 1-0

[Event "World Junior Chess Championship U18 g"]
[Site "Gaziantep"]
[Date "2008.08.08"]
[Round "7.10"]
[White "Pertlova, Sona"]
[Black "Nemcova, Katerina"]
[Result "1-0"]
[WhiteElo "2217"]
[BlackElo "2372"]
[PlyCount "79"]
[EventDate "2008.08.??"]
[EventType "swiss"]
[EventRounds "13"]
[EventCountry "TUR"]

1. d4 Nf6 2. c4 e6 3. g3 Bb4+ 4. Bd2 c5 5. Bxb4 cxb4 6. Bg2 O-O 7. Nf3 d6 8.
O-O Re8 9. a3 Nc6 10. axb4 Nxb4 11. Nc3 Bd7 12. e4 e5 13. dxe5 dxe5 14. Qe2 Bg4
15. Rfd1 Qb6 16. Nd5 Nfxd5 17. cxd5 Qd6 18. h3 Bd7 19. Rdc1 b5 20. Nd2 Qb6 21.
Nb3 Rec8 22. Qd2 Na6 23. Bf1 Nc5 24. Nxc5 Rxc5 25. Rxc5 Qxc5 26. Rc1 Qd6 27.
Qa5 a6 28. Qc7 Qe7 29. Qb7 Qd8 30. Rc7 Be8 31. d6 Rb8 32. Qd5 Bd7 33. Qxe5 Rc8
34. Qc5 Qe8 35. e5 Rxc7 36. dxc7 f6 37. Bg2 fxe5 38. Bd5+ Kh8 39. Bb7 Bxh3 40.
Bxa6 1-0

[Event "World Junior Chess Championship U18 g"]
[Site "Gaziantep"]
[Date "2008.08.08"]
[Round "7.11"]
[White "Severiukhina, Zoja"]
[Black "Yildiz, Betül Cemre"]
[Result "1-0"]
[WhiteElo "2300"]
[BlackElo "2236"]
[PlyCount "85"]
[EventDate "2008.08.??"]
[EventType "swiss"]
[EventRounds "13"]
[EventCountry "TUR"]

1. e4 e5 2. Nf3 Nc6 3. Bb5 a6 4. Ba4 Nf6 5. O-O b5 6. Bb3 Bb7 7. Re1 Bc5 8. c3
d6 9. h3 h6 10. d4 Bb6 11. Be3 O-O 12. Nbd2 Re8 13. d5 Na5 14. Bc2 Bxe3 15.
Rxe3 c6 16. b4 Nc4 17. Nxc4 bxc4 18. dxc6 Bxc6 19. Qe2 Rc8 20. Rd1 Re6 21. Nh2
Qe8 22. Rg3 g6 23. Ng4 Nh5 24. Rf3 Nf4 25. Qd2 Kg7 26. Ne3 f5 27. Rxf4 exf4 28.
Qd4+ Kh7 29. exf5 fxe3 30. fxe6 e2 31. Re1 Qxe6 32. Qe3 Qf6 33. Rxe2 Re8 34.
Qa7+ Kg8 35. Rxe8+ Bxe8 36. Qe3 Bf7 37. a4 Kh7 38. b5 axb5 39. axb5 Bd5 40. b6
Qd8 41. Qg3 Qf6 42. Qg4 Qf7 43. h4 1-0

[Event "World Junior Chess Championship U18 g"]
[Site "Gaziantep"]
[Date "2008.08.08"]
[Round "7.12"]
[White "Daulyte, Deimante"]
[Black "Guo, Qi"]
[Result "0-1"]
[WhiteElo "2288"]
[BlackElo "2048"]
[PlyCount "94"]
[EventDate "2008.08.??"]
[EventType "swiss"]
[EventRounds "13"]
[EventCountry "TUR"]

1. e4 e6 2. d4 d5 3. e5 c5 4. c3 Nc6 5. Nf3 Qb6 6. a3 Nh6 7. b4 cxd4 8. cxd4
Nf5 9. Bb2 Bd7 10. Be2 Rc8 11. O-O Be7 12. Qd2 O-O 13. Rd1 f6 14. g4 fxe5 15.
gxf5 e4 16. Ne5 Nxe5 17. dxe5 Rxf5 18. Qd4 Qd8 19. Nc3 Be8 20. Kh1 Bh5 21. Bxh5
Rxh5 22. Ne2 Qf8 23. Ng3 Rh4 24. Qe3 Rf4 25. Bd4 Rf3 26. Qd2 Rc4 27. Bxa7 b5
28. Qe2 Qf4 29. Bd4 h5 30. Nxh5 Qg4 31. Nf6+ Bxf6 32. exf6 Qh4 33. f7+ Kxf7 34.
Ba7 Qf4 35. Be3 Qe5 36. Kg2 d4 37. Bxd4 Rxd4 38. Rxd4 Qxd4 39. Ra2 Rf5 40. Rb2
e3 41. f3 Rg5+ 42. Kf1 Qc3 43. Rb1 Qxa3 44. Qc2 Qa8 45. Qc7+ Kg8 46. Qf4 Rf5
47. Qg4 Qa2 0-1

[Event "World Junior Chess Championship U18 g"]
[Site "Gaziantep"]
[Date "2008.08.08"]
[Round "7.13"]
[White "Borosova, Zuzana"]
[Black "Isgandarova, Khayala"]
[Result "1-0"]
[WhiteElo "2254"]
[BlackElo "2207"]
[PlyCount "57"]
[EventDate "2008.08.??"]
[EventType "swiss"]
[EventRounds "13"]
[EventCountry "TUR"]

1. e4 c6 2. d4 d5 3. Nc3 dxe4 4. Nxe4 Nf6 5. Nxf6+ gxf6 6. Nf3 Bg4 7. Be2 Qc7
8. Nh4 Bxe2 9. Qxe2 Nd7 10. O-O e6 11. g3 O-O-O 12. c4 c5 13. Bf4 Bd6 14. Bxd6
Qxd6 15. dxc5 Qxc5 16. Rab1 Ne5 17. b4 Qd4 18. c5 Qd2 19. Qb5 Nc6 20. Qa4 Kb8
21. Rfd1 Qe2 22. b5 Ne5 23. c6 Nd3 24. Rf1 Nc5 25. c7+ Kxc7 26. Qxa7 Rd5 27.
Rfc1 Qe5 28. Ng2 Rg8 29. Ne3 1-0

[Event "World Junior Chess Championship U18 g"]
[Site "Gaziantep"]
[Date "2008.08.08"]
[Round "7.14"]
[White "Kazimova, Narmin"]
[Black "Muminova, Nafisa"]
[Result "1/2-1/2"]
[WhiteElo "2148"]
[BlackElo "2242"]
[PlyCount "74"]
[EventDate "2008.08.??"]
[EventType "swiss"]
[EventRounds "13"]
[EventCountry "TUR"]

1. c4 Nf6 2. Nc3 c5 3. Nf3 Nc6 4. d4 cxd4 5. Nxd4 e6 6. Ndb5 d5 7. cxd5 Nxd5 8.
e4 Nxc3 9. Qxd8+ Kxd8 10. bxc3 Bc5 11. Bg5+ f6 12. Bf4 Ke7 13. Rd1 Ne5 14. Nd4
Nf7 15. Nb3 Bd6 16. Be3 Bd7 17. Nc5 Bc6 18. Nxe6 Kxe6 19. Bc4+ Ke7 20. Bxf7
Bxe4 21. Bd5 Bxd5 22. Rxd5 Be5 23. Bd4 Bxd4 24. Rxd4 Rhd8 25. Kd2 Rd6 26. Re1+
Re6 27. Rb1 b6 28. Re1 Rc8 29. Rxe6+ Kxe6 30. Ra4 Rc7 31. Kd3 h5 32. Re4+ Kd6
33. Rd4+ Ke6 34. Re4+ Kd6 35. Rd4+ Ke6 36. Re4+ Kd6 37. Rd4+ Ke6 1/2-1/2

[Event "World Junior Chess Championship U18 g"]
[Site "Gaziantep"]
[Date "2008.08.08"]
[Round "7.15"]
[White "Tjolsen, Katrine"]
[Black "Gasik, Anna"]
[Result "0-1"]
[WhiteElo "2121"]
[BlackElo "2211"]
[PlyCount "62"]
[EventDate "2008.08.??"]
[EventType "swiss"]
[EventRounds "13"]
[EventCountry "TUR"]

1. Nf3 d5 2. d4 c6 3. c4 e6 4. Nc3 dxc4 5. e3 b5 6. a4 Bb4 7. Bd2 Bb7 8. axb5
Bxc3 9. Bxc3 cxb5 10. b3 a5 11. bxc4 b4 12. Bb2 Nf6 13. Bd3 Nbd7 14. O-O O-O
15. Nd2 Re8 16. Bc2 Qc7 17. f4 Nb6 18. d5 Nxc4 19. Nxc4 Qxc4 20. Bxf6 gxf6 21.
Rc1 Qxd5 22. Qg4+ Kh8 23. Qh3 f5 24. Rfd1 Qa2 25. Rd2 Be4 26. Qh4 Qb2 27. Rcd1
Bxc2 28. Rxc2 Qg7 29. Rd7 b3 30. Rcc7 b2 31. Rb7 Rec8 0-1

[Event "World Junior Chess Championship U18 g"]
[Site "Gaziantep"]
[Date "2008.08.08"]
[Round "7.16"]
[White "Foisor, Sabina-Francesca"]
[Black "Eric, Jovena"]
[Result "1/2-1/2"]
[WhiteElo "2337"]
[BlackElo "2111"]
[PlyCount "134"]
[EventDate "2008.08.??"]
[EventType "swiss"]
[EventRounds "13"]
[EventCountry "TUR"]

1. d4 d5 2. Bf4 Nf6 3. e3 c5 4. dxc5 Qa5+ 5. c3 Qxc5 6. Nf3 Nc6 7. Be2 Qb6 8.
b4 Bg4 9. O-O e6 10. a4 a6 11. Nbd2 Be7 12. a5 Qd8 13. Qa4 O-O 14. Rfd1 e5 15.
Bg5 Bd7 16. Qb3 Be6 17. Qb2 Qc7 18. Rac1 Rac8 19. c4 Qb8 20. c5 Rce8 21. Bh4
Bd8 22. Bg3 Bc7 23. b5 axb5 24. Bxb5 e4 25. Bxc6 bxc6 26. Qxb8 Bxb8 27. Nd4
Bxg3 28. hxg3 Bd7 29. Ra1 Ra8 30. Rdb1 Ng4 31. Rb7 Ne5 32. f4 exf3 33. N2xf3
Bc8 34. Re7 Nd3 35. Nxc6 Nxc5 36. Rc7 Na6 37. Ne7+ Kh8 38. Rc6 Be6 39. Nd4 Rfe8
40. Nxe6 Rxe7 41. Nf4 Rxe3 42. Rb1 Ree8 43. Nxd5 h6 44. Rb7 Re5 45. Rd6 Nc5 46.
Rxf7 Rxa5 47. Nf4 Ra1+ 48. Kh2 Ree1 49. Kh3 Ne4 50. Rd8+ Kh7 51. Kg4 Nf2+ 52.
Kf5 Ra5+ 53. Rd5 Rxd5+ 54. Nxd5 Kg8 55. Rd7 Re8 56. Nf4 Rf8+ 57. Ke6 Ne4 58.
Ra7 Nxg3 59. Nd5 Ne4 60. Ke5 Ng5 61. Ne7+ Kh7 62. Nd5 Rf2 63. g4 Nf7+ 64. Ke4
Nd6+ 65. Ke5 Nf7+ 66. Ke4 Ng5+ 67. Ke5 Nf7+ 1/2-1/2

[Event "World Junior Chess Championship U18 g"]
[Site "Gaziantep"]
[Date "2008.08.08"]
[Round "7.17"]
[White "Berke, Ana"]
[Black "Paikidze, Nazi"]
[Result "1/2-1/2"]
[WhiteElo "2100"]
[BlackElo "2277"]
[PlyCount "32"]
[EventDate "2008.08.??"]
[EventType "swiss"]
[EventRounds "13"]
[EventCountry "TUR"]

1. e4 c6 2. d4 d5 3. exd5 cxd5 4. c4 Nf6 5. Nc3 e6 6. Nf3 Bb4 7. Bd2 Nc6 8.
cxd5 Nxd5 9. Bd3 Be7 10. O-O O-O 11. Re1 Bf6 12. Be4 g6 13. Bh6 Nxc3 14. bxc3
Re8 15. Bxc6 bxc6 16. Ne5 Bb7 1/2-1/2

[Event "World Junior Chess Championship U18 g"]
[Site "Gaziantep"]
[Date "2008.08.08"]
[Round "7.18"]
[White "Tsatsalashvili, Keti"]
[Black "Hamrakulova, Yulduz"]
[Result "0-1"]
[WhiteElo "2271"]
[BlackElo "2145"]
[PlyCount "92"]
[EventDate "2008.08.??"]
[EventType "swiss"]
[EventRounds "13"]
[EventCountry "TUR"]

1. d4 d5 2. Nf3 Nf6 3. c4 dxc4 4. e3 e6 5. Bxc4 a6 6. Qe2 c5 7. O-O b5 8. Bb3
Bb7 9. Rd1 Nbd7 10. Nc3 Qb6 11. d5 exd5 12. Nxd5 Nxd5 13. Bxd5 Bxd5 14. Rxd5
Qb7 15. Rg5 f6 16. Rg3 Nb6 17. e4 O-O-O 18. Bf4 g5 19. Bd2 Bd6 20. e5 Rhe8 21.
Rc1 Kb8 22. Be3 Bxe5 23. Nxe5 Rxe5 24. Rxc5 Rxc5 25. Bxc5 Qe4 26. Qf1 Nc4 27.
h3 Rd5 28. Bf8 Qc2 29. Rc3 Qxb2 30. Rc1 Qxa2 31. Be7 Qb2 32. Rb1 Qd4 33. Bb4 a5
34. Bf8 Kb7 35. Qe2 Re5 36. Qh5 Ka6 37. Bg7 Qe4 38. Qd1 Rd5 39. Qc1 Qd4 40. g3
Qd2 41. Qf1 Qd3 42. Qc1 Rf5 43. Bf8 Qe2 44. f4 gxf4 45. g4 f3 46. gxf5 Qg2# 0-1

[Event "World Junior Chess Championship U18 g"]
[Site "Gaziantep"]
[Date "2008.08.08"]
[Round "7.19"]
[White "Hegarty, Sarah"]
[Black "Corke, Anya"]
[Result "0-1"]
[WhiteElo "1966"]
[BlackElo "2255"]
[PlyCount "58"]
[EventDate "2008.08.??"]
[EventType "swiss"]
[EventRounds "13"]
[EventCountry "TUR"]

1. e4 e6 2. d4 d5 3. Nd2 Nf6 4. e5 Nfd7 5. f4 c5 6. c3 Nc6 7. Ndf3 Qb6 8. a3 a5
9. b3 Be7 10. h4 Ndb8 11. Bd3 cxd4 12. cxd4 Bd7 13. Ne2 Na7 14. Kf2 Bb5 15. Bc2
Nbc6 16. Be3 Bxe2 17. Qxe2 Nb5 18. Qd1 Nxa3 19. Bd3 Nb4 20. Bxh7 Rxh7 21. Rxa3
Rc8 22. Qb1 Rh8 23. Ra4 Qb5 24. Kg3 b6 25. Rc1 Kd7 26. Ra1 Rxc1 27. Qxc1 Qd3
28. Rb1 Rc8 29. Qe1 Nc2 0-1